Bishop John Vitez and Early Renaissance Central Europe : The Humanist Kingmaker.

The first biography of John Vitez, an influential figure of the Early Renaissance, presenting a complex picture of cultural, political, and religious developments in Central Europe.

Bibliographic Details
Main Author: Matić, Tomislav.
Format: eBook
Language:English
Published: Amsterdam : Arc Humanities Press, 2022.
Edition:1st ed.
Series:Beyond Medieval Europe Series
Subjects:
Online Access:Click to View
LEADER 01726nam a22003733i 4500
001 EBC30406565
003 MiAaPQ
005 20231204023230.0
006 m o d |
007 cr cnu||||||||
008 231204s2022 xx o ||||0 eng d
020 |a 9781802700282  |q (electronic bk.) 
035 |a (MiAaPQ)EBC30406565 
035 |a (Au-PeEL)EBL30406565 
035 |a (OCoLC)1330894120 
040 |a MiAaPQ  |b eng  |e rda  |e pn  |c MiAaPQ  |d MiAaPQ 
100 1 |a Matić, Tomislav. 
245 1 0 |a Bishop John Vitez and Early Renaissance Central Europe :  |b The Humanist Kingmaker. 
250 |a 1st ed. 
264 1 |a Amsterdam :  |b Arc Humanities Press,  |c 2022. 
264 4 |c {copy}2022. 
300 |a 1 online resource (246 pages) 
336 |a text  |b txt  |2 rdacontent 
337 |a computer  |b c  |2 rdamedia 
338 |a online resource  |b cr  |2 rdacarrier 
490 1 |a Beyond Medieval Europe Series 
520 |a The first biography of John Vitez, an influential figure of the Early Renaissance, presenting a complex picture of cultural, political, and religious developments in Central Europe. 
588 |a Description based on publisher supplied metadata and other sources. 
590 |a Electronic reproduction. Ann Arbor, Michigan : ProQuest Ebook Central, 2023. Available via World Wide Web. Access may be limited to ProQuest Ebook Central affiliated libraries.  
655 4 |a Electronic books. 
776 0 8 |i Print version:  |a Matić, Tomislav  |t Bishop John Vitez and Early Renaissance Central Europe  |d Amsterdam : Arc Humanities Press,c2022 
797 2 |a ProQuest (Firm) 
830 0 |a Beyond Medieval Europe Series 
856 4 0 |u https://ebookcentral.proquest.com/lib/matrademy/detail.action?docID=30406565  |z Click to View